| 000 | 00640na a2200241 4500 | ||
|---|---|---|---|
| 001 | 15930 | ||
| 003 | MIRAKIL | ||
| 005 | 20181213154950.0 | ||
| 008 | 161001b tu 000 0 | ||
| 035 | _a15930 | ||
| 040 |
_aMilas _btur _cTR-AnCHP |
||
| 082 |
_a811.42 _bA65h 1971 |
||
| 090 | _a811.42 A65h 1971 | ||
| 100 | _aArif, Ahmet | ||
| 245 |
_aHasretinden prangalar eskittim _cAhmet Arif |
||
| 260 |
_aİstanbul _bCem yayınevi _c1971 |
||
| 300 |
_a94 s. _c19 sm. |
||
| 440 |
_aTürk sanatçılar dizisi _v24 |
||
| 490 |
_aŞiir dizisi _v2 |
||
| 650 |
_aTürk edebiyatı _xŞiirler |
||
| 650 | _aTürkçe şiir | ||
| 942 |
_2ddc _cBKS |
||
| 999 |
_c4007 _d4007 |
||